000 01358nam a2200373 a 4500
001 000115159
003 CHAP
005 20220329144520.0
008 181105s2013 mx a sm |||||||spa d
010 _a111620
011 _a112592
040 _cCHAP
090 _aTesis
100 1 _aArista Carmona, Asly.
_9136093
245 1 0 _aIntegración y acolchado de residuos vegetales para el control de nematodos y agalladores /
_h[En línea]
_cpor Esly Arista Carmona.
260 _aChapingo, Méx. :
_bEl autor,
_c2013.
500 _aPara ver el contenido del material haga clic en la liga
502 _aTesis (Ing. en Agroecología) -- UACH. Departamento de Agroecología
590 _aBATCH-UPD
_b10
_c20190616
_lUCH01
_h1636
590 _aE11695DGD
_b10
_c20190616
_lUCH01
_h1636
590 _aE8697GMM
_b05
_c20181105
_lUCH01
_h1338
590 _aE8697GMM
_b05
_c20181105
_lUCH01
_h1429
590 _aE8697GMM
_b05
_c20181105
_lUCH01
_h1436
590 _aE8697GMM
_b05
_c20181203
_lUCH01
_h0945
590 _aE8697GMM
_b05
_c20190517
_lUCH01
_h1327
650 1 4 _aCompost.
_926105
650 1 4 _aNemátodos
_xControl.
_9126180
650 1 4 _aTomate
_xCrecimiento.
_9113702
650 1 4 _aTomate
_xEnfermedades por nemátodos.
_9113714
856 _aFinding aid
_uhttp://10.13.5.2/tesis/sist115159.pdf
_zTeclea aquí
901 _aBK
942 _cTESIS
942 _n0
999 _c111620
_d111620